00829cam a22002417a 4500003000500000005001700005008004100022010001000063011001000073020001500083035001100098040000900109082001500118100003700133245012400170260008100294300001100375490002600386650004200412650002500454650003800479830007000517CHAP20230411181215.0050914d1998 mx r 00110 spa d a90916 a91888 a9688428019 a102451 cCHAP04a338.9bC3200aCabrero Mendoza, Enriqueecoord.14aLas políticas descentralizadoras en México (1983-1993) :blogros y desencantosc/coord. por Enrique Cabrero Mendoza aMéxico, D. F. :bCentro de Investigaciones y Docencia Económicas,c1998. a352 p. 4aLas ciencias sociales14aAdministración públicazMéxico.14aDescentralización.14aPolítica económicazMéxico. aLas ciencias sociales. Segunda década (Miguel Ángel Porrúa)